00598 a2200181 450000100060000002000150000604000220002110000280004324000330007124500280010430000080013236200090014065000230014994200070017295201110017995201090029099900170039959701 a8508040326 cAnchieta - Pituba aAlbuquerque, Medeiros e10aHistórias de detetivelpor10aHistórias de detetive a1120 a2002 4aLiteratura juvenil cBK 00104070a91.1b91.1d2023-11-21l0oLJ 028.5 H673h HISp11129/PITr2023-11-21 18:27:46w2023-11-21yBK 00102udc4070a46.3b46.3d2024-03-15l1p933220r2024-04-26 17:02:13s2024-03-15t1w2024-03-15yBKu c59701d59701